Being God's friend / (Record no. 1439)
[ view plain ]
| 000 -LEADER | |
|---|---|
| fixed length control field | 00855cam a2200265 a 4500 |
| 001 - CONTROL NUMBER | |
| control field | 132244 |
| 003 - CONTROL NUMBER IDENTIFIER | |
| control field | GBCCL |
| 005 - DATE AND TIME OF LATEST TRANSACTION | |
| control field | 20241126110401.0 |
| 008 - FIXED-LENGTH DATA ELEMENTS--GENERAL INFORMATION | |
| fixed length control field | 970915s1997 pau 000 0 eng |
| 010 ## - | |
| -- | 97195402 |
| 020 ## - INTERNATIONAL STANDARD BOOK NUMBER | |
| International Standard Book Number | 0883683814 |
| 035 ## - SYSTEM CONTROL NUMBER | |
| System control number | (DLC) 97195402 |
| 040 ## - CATALOGING SOURCE | |
| Original cataloging agency | DLC |
| Transcribing agency | DLC |
| Modifying agency | DLC |
| 050 00 - | |
| -- | BX6333.S6 |
| -- | B45 1997 |
| 082 00 - DEWEY DECIMAL CLASSIFICATION NUMBER | |
| Classification number | 252.061 |
| Edition information | 21 |
| Item number | SPU |
| 100 1# - MAIN ENTRY--PERSONAL NAME | |
| Personal name | Spurgeon, C. H. |
| Fuller form of name | (Charles Haddon), |
| Dates associated with a name | 1834-1892 |
| 9 (RLIN) | 222 |
| 245 10 - TITLE STATEMENT | |
| Title | Being God's friend / |
| Statement of responsibility, etc. | Charles Spurgeon. |
| 260 ## - PUBLICATION, DISTRIBUTION, ETC. | |
| Place of publication, distribution, etc. | New Kensington, PA : |
| Name of publisher, distributor, etc. | Whitaker House, |
| Date of publication, distribution, etc. | c1997. |
| 300 ## - PHYSICAL DESCRIPTION | |
| Extent | 188 p. ; |
| Dimensions | 18 cm. |
| 650 #0 - SUBJECT ADDED ENTRY--TOPICAL TERM | |
| Topical term or geographic name entry element | Baptists |
| General subdivision | Sermons. |
| 9 (RLIN) | 1091 |
| 650 #0 - SUBJECT ADDED ENTRY--TOPICAL TERM | |
| Topical term or geographic name entry element | Sermons, English |
| Chronological subdivision | 19th century. |
| 9 (RLIN) | 2859 |
| 906 ## - LOCAL DATA ELEMENT F, LDF (RLIN) | |
| a | 7 |
| b | cbc |
| c | orignew |
| d | 3 |
| e | ncip |
| f | 19 |
| g | y-gencatlg |
| 942 ## - ADDED ENTRY ELEMENTS (KOHA) | |
| Source of classification or shelving scheme | Dewey Decimal Classification |
| Koha item type | Books |
| Koha issues (borrowed), all copies | 1 |
| Withdrawn status | Lost status | Source of classification or shelving scheme | Damaged status | Not for loan | Home library | Current Library | Shelving location | Date acquired | Total checkouts | Full call number | Barcode | Date last seen | Date last checked out | Copy number | Price effective from | Koha item type |
|---|---|---|---|---|---|---|---|---|---|---|---|---|---|---|---|---|
| Dewey Decimal Classification | GRACE BIBLE COLLEGE | GRACE BIBLE COLLEGE | Ministry & Mission | 2017-05-01 | 1 | 252.061 SPU | 007981 | 2025-05-01 | 2019-02-11 | c.1 | 2017-05-01 | Books |